000 00313nam a22001457a 4500
008 231124b ||||| |||| 00| 0 eng d
020 _a9780816623778
041 _aeng
080 _a159.9
082 _a159.9COL
100 _a25
101 _aPSI
245 _aFIGHTING WORDS
_cCOLLINS .H.P
942 _2udc
_cBK
999 _c60498
_d60498